[Event "Washington op Premier"]
[Site "Seattle"]
[Date "2007.05.26"]
[Round "1"]
[White "Walker, Andrew CW"]
[Black "Lowther, Jeff"]
[Result "0-1"]
[WhiteElo "1707"]
[BlackElo "1866"]
[PlyCount "102"]
[EventDate "2007.05.26"]
[EventType "swiss"]
[EventRounds "6"]
[EventCountry "USA"]
[SourceTitle "EXT 2017"]
[Source "ChessBase"]
[SourceDate "2016.10.25"]
[SourceVersion "1"]
[SourceVersionDate "2016.10.25"]
[SourceQuality "1"]

1. d4 d5 2. c4 e6 3. Nc3 Nf6 4. Bg5 Be7 5. e3 0-0 6. Nf3 Nbd7 7. Qc2 Re8 8. Rc1 c6 9. cxd5 exd5 10. Bd3 h6 11. Bh4 Ne4 12. Bg3 Nxg3 13. hxg3 Nf6 14. Nh4 Bd6 15. Bf5 Bxf5 16. Nxf5 Bc7 17. Qe2 Qd7 18. Qf3 Re6 19. Rh3 Rae8 20. Ke2 Bd6 21. Rch1 Bf8 22. g4 Ne4 23. Nxe4 dxe4 24. Qf4 Bd6 25. Qg5 Rg6 26. Qh5 Be7 27. f4 exf3+ 28. gxf3 Rg5 29. Nxh6+ gxh6 30. Qxh6 f6 31. Qh7+ Kf8 32. Rh6 Rg7 33. Qe4 Kf7 34. Qc2 Reg8 35. R1h5 Rg5 36. Qb3+ Qd5 37. Rh7+ R8g7 38. Rxg5 fxg5 39. Rxg7+ Kxg7 40. Qxb7 Qb5+ 41. Qxb5 cxb5 42. Kd3 Kf6 43. Ke4 Ke6 44. f4 Bf6 45. f5+ Kd6 46. Kd3 Bd8 47. e4 Kc6 48. e5 Kd5 49. f6 b4 50. b3 a6 51. Ke3 Bb6 0-1

[Event "Montreal Quebec U1900 op"]
[Site "Montreal"]
[Date "1990.08.07"]
[Round "4"]
[White "Dion, Francis"]
[Black "Walker, Andrew CW"]
[Result "1-0"]
[WhiteElo "1891"]
[BlackElo "1668"]
[PlyCount "27"]
[EventDate "1990.08.04"]
[EventType "swiss"]
[EventRounds "8"]
[EventCountry "CAN"]
[SourceTitle "EXT 2022"]
[Source "ChessBase"]
[SourceDate "2021.10.06"]
[SourceVersion "1"]
[SourceVersionDate "2021.10.06"]
[SourceQuality "1"]

1. e4 c5 2. Nf3 d6 3. d4 cxd4 4. Nxd4 Nf6 5. Nc3 a6 6. Bg5 e6 7. f4 Be7 8. Qf3 Qc7 9. 0-0-0 Nbd7 10. Kb1 b5 11. Bxf6 gxf6 12. Qh5 0-0 13. Rd3 f5 14. Nxf5 1-0